Formula 1 - Groups of... #5 - Statistics

General Stats
  • This quiz has been taken 57 times
  • The average score is 29 of 41
Answer Stats
Hint Answer % Correct
British F1 Champions Lewis Hamilton - 7
98%
Sprint Winners Lewis Hamilton- 1
98%
Sprint Winners Max Verstappen- 11
96%
Sprint Winners Lando Norris- 2
92%
2025 Street Races Las Vegas (USA)
92%
Tire compounds in 2018 Hard
90%
Tire compounds in 2018 Heavy Wet
90%
Sprint Winners Oscar Piastri- 2
90%
Tire compounds in 2018 Soft
90%
Tire compounds in 2018 Medium
88%
2025 Street Races Monaco
86%
Tire compounds in 2018 Intermediate
84%
2025 Street Races Baku (Azerbaijan)
82%
Sprint Winners George Russell- 1
82%
British F1 Champions Jenson Button - 1
82%
2025 Street Races Miami (USA)
82%
2025 Street Races Marina Bay (Singapore)
78%
2025 Street Races Albert Park (Australia)
74%
British F1 Champions Damon Hill - 1
74%
British F1 Champions Graham Hill - 2
74%
British F1 Champions Jim Clark - 2
72%
Tire compounds in 2018 Supersoft
72%
Tire compounds in 2018 Ultrasoft
72%
British F1 Champions Jackie Stewart - 3
70%
Sprint Winners Sergio Perez- 1
70%
2025 Street Races Jeddah(Saudi Arabia)
68%
British F1 Champions Nigel Mansell - 1
68%
British F1 Champions James Hunt - 1
66%
2025 Street Races Montreal (Canada)
64%
Countries with1 - 5 podiums Japan - 3
58%
British F1 Champions Mike Hawthorn - 1
58%
British F1 Champions John Surtees - 1
56%
Sprint Winners Valtteri Bottas- 2
56%
Tire compounds in 2018 Ultrahard
54%
Tire compounds in 2018 Hypersoft
50%
Countries with1 - 5 podiums Portugal - 1
50%
Countries with1 - 5 podiums Russia - 4
46%
Countries with1 - 5 podiums Venezuela - 1
46%
Countries with1 - 5 podiums Denmark - 1
42%
Countries with1 - 5 podiums Thailand - 2
34%
Countries with1 - 5 podiums Rhodesia - 1
22%
No matching quizzes found
Score Distribution
Percent of People with Each Score
Percentile by Number Answered
Your Score History
You have not taken this quiz